2 Peter and Jude / (Record no. 33208)
[ view plain ]
| 000 -LEADER | |
|---|---|
| fixed length control field | 01063nam a2200253 4500 |
| 008 - FIXED-LENGTH DATA ELEMENTS--GENERAL INFORMATION | |
| fixed length control field | 090526s2007 miu b 001 0 eng |
| 020 ## - INTERNATIONAL STANDARD BOOK NUMBER | |
| International Standard Book Number | 0802825702 :USD20.00/£6.66 |
| 020 ## - INTERNATIONAL STANDARD BOOK NUMBER | |
| International Standard Book Number | 9780802825704 |
| 090 ## - LOCALLY ASSIGNED LC-TYPE CALL NUMBER (OCLC); LOCAL CALL NUMBER (OCLC) | |
| Classification number (OCLC) (R) ; Classification number, CALL (RLIN) (NR) | BS2815.3 |
| Local cutter number (OCLC) ; Book number/undivided call number, CALL (RLIN) | R25 |
| -- | 2007 |
| 100 1# - MAIN ENTRY--PERSONAL NAME | |
| Personal name | Reese, Ruth Anne. |
| 245 10 - TITLE STATEMENT | |
| Title | 2 Peter and Jude / |
| Statement of responsibility, etc | Ruth Anne Reese. |
| 246 14 - VARYING FORM OF TITLE | |
| Title proper/short title | 2 Peter & Jude |
| 246 3# - VARYING FORM OF TITLE | |
| Title proper/short title | Second Peter and Jude |
| 246 3# - VARYING FORM OF TITLE | |
| Title proper/short title | Two Peter and Jude |
| 260 ## - PUBLICATION, DISTRIBUTION, ETC. (IMPRINT) | |
| Place of publication, distribution, etc | Grand Rapids, Mich. : |
| Name of publisher, distributor, etc | W.B. Eerdmans Pub., |
| Date of publication, distribution, etc | 2007. |
| 300 ## - PHYSICAL DESCRIPTION | |
| Extent | x, 234 p. ; |
| Dimensions | 24 cm. |
| 490 1# - SERIES STATEMENT | |
| Series statement | The two horizons New Testament commentary |
| 504 ## - BIBLIOGRAPHY, ETC. NOTE | |
| Bibliography, etc | Includes bibliographical references (p. 221-228) and indexes. |
| 505 0# - FORMATTED CONTENTS NOTE | |
| Formatted contents note | General introduction -- Introduction to Jude -- Commentary on Jude -- Theological horizons of Jude -- Introduction to 2 Peter -- Commentary on 2 Peter -- Theological horizons of 2 Peter. |
| 630 04 - SUBJECT ADDED ENTRY--UNIFORM TITLE | |
| Uniform title | Bible. |
| Name of part/section of a work | N.T. |
| -- | Jude |
| Form subdivision | Commentaries. |
| 630 04 - SUBJECT ADDED ENTRY--UNIFORM TITLE | |
| Uniform title | Bible. |
| Name of part/section of a work | N.T. |
| -- | Peter, 2nd |
| Form subdivision | Commentaries. |
| 951 ## - EQUIVALENCE OR CROSS-REFERENCE-GEOGRAPHIC NAME/AREA NAME [OBSOLETE] [CAN/MARC only] | |
| General subdivision | 00037784 |
| 951 ## - EQUIVALENCE OR CROSS-REFERENCE-GEOGRAPHIC NAME/AREA NAME [OBSOLETE] [CAN/MARC only] | |
| -- | 32879 |
| -- | BS2815.3/R25/2007 |
| -- | 090526142517812 |
| -- | 2000-12-21 |
| -- | GC |
| Withdrawn status | Lost status | Damaged status | Not for loan | Home library | Current library | Shelving location | Date acquired | Accession number | Shelving control number | Total Checkouts | Full call number | Barcode | Date last seen | Price effective from | Koha item type |
|---|---|---|---|---|---|---|---|---|---|---|---|---|---|---|---|
| BSOP Library | BSOP Library | GC | 12/21/2000 | 32879 | 127 | BS2815.3/R25/2007 | 00037784 | 02/23/2013 | 02/23/2013 | Books |
